000 00281nam a2200121Ia 4500
008 190216s9999||||xx |||||||||||||| ||und||
100 _aV K N
245 0 _aAayyiravum Koppum
260 _bSahithya Pravarthaka Sahakarana Sangam
300 _a142p
650 _aNovel
942 _cBK
999 _c25572
_d25572